Procesné riadenie v podmienkach územnej samosprávy SR vedecká monografia

Podrobná bibliografia
Hlavní autori: Čepelová, Anna (Autor), Koreňová, Darina (Autor)
Médium: Kniha
Jazyk:slovenčina
PhysicalDescription:197 s. grafy, sch., tab. 21 cm
Vydavateľské údaje: Košice Univerzita Pavla Jozefa Šafárika 2015
ISBN:9788081523205
Vydanie:1. vyd.
Predmet:

MARC

LEADER 00000nam a2200000 a 4500
001 vtls011508877
003 SK-MaSNL
005 20260301134919.0
008 240318s2015 xo e n 000 0 slo
015 |a SNBA2016/03 
020 |a 9788081523205  |q (brož.) 
035 |a urn:nbn:sk:snk-am00bcdb 
035 |a urn:nbn:sk:snk-am3h9br 
035 |a 3EFEC1F8-F808-43D3-88F6-625E7EBCD671 
040 |a SNK  |b slo  |c SNK  |e AACR2 
041 0 |a slo 
044 |a xo  |c SK 
072 7 |a 005  |x Manažment. Riadenie  |2 konspekt 
072 7 |a 352/354  |x Stupne miestnej, oblastnej a ústrednej správy  |2 konspekt 
080 |a 353.9  |2 2011 
080 |a (048.8)  |2 2011 
080 |a 004.451.2  |2 2011 
100 1 |a Čepelová, Anna  |4 aut  |9 11332 
245 1 0 |a Procesné riadenie v podmienkach územnej samosprávy SR  |b vedecká monografia  |c Čepelová Anna, Koreňová Darina 
250 |a 1. vyd. 
260 |a Košice  |b Univerzita Pavla Jozefa Šafárika  |c 2015 
300 |a 197 s.  |b grafy, sch., tab.  |c 21 cm 
366 |e 120 výt. 
504 |a Bibliogr.: s. 187-197 ; pozn. 
650 0 7 |a územná samospráva  |2 SNKPH  |9 802 
650 0 7 |a Regional administration  |2 SNKPHeng  |9 266548 
650 0 7 |a manažment procesov  |2 SNKPH  |9 79020 
650 0 7 |a Process management  |2 SNKPHeng  |9 316258 
655 7 |a monografie  |2 SNKPH  |9 70139 
655 7 |a Monographs  |2 SNKPHeng  |9 120675 
700 1 |a Koreňová, Darina  |4 aut  |9 373485 
919 |a 978-80-8152-320-5 
958 |a NB 
999 |c 758513  |d 760443 
952 |a SNK  |b SNK  |y PREZ  |7 0  |p 17A1181761  |o snkSC 168453  |i snk2016/5893  |8 0  |0 0  |1 0  |4 0  |d 2016-02-29  |f 1  |l 0  |r 2026-02-23 23:56:06  |w 2026-02-23 
952 |a SNK  |b SNK  |y VYP  |7 0  |p 17A1181762  |o snkSC 168453 D1  |i snk2016/5895  |8 0  |0 0  |1 0  |4 0  |d 2016-02-29  |l 0  |r 2026-02-23 23:56:06  |w 2026-02-23